| 000 | 00448nam a22001577a 4500 | ||
|---|---|---|---|
| 003 | OSt | ||
| 005 | 20140310182216.0 | ||
| 008 | 130907t xxu||||| |||| 00| 0 eng d | ||
| 050 |
_aBT 482 _b.J58 1986 |
||
| 082 |
_aHS 232.91 _bD36 1981 |
||
| 245 |
_aJesus who is he: _c Philippine Bible Society. |
||
| 260 |
_aManila, Philippines : _bPhilippine Bible Society, _cc1986. |
||
| 300 |
_a101 p. : _bill. ; _c17 cm |
||
| 942 |
_2lcc _cHS |
||
| 999 |
_c10582 _d10582 |
||